000
00190nam a22000857a 4500
999
_c
16286
_d
16286
003
OSt
008
200721b ||||| |||| 00| 0 eng d
245
_a
Hand book of animal husbandary
942
_c
BK